Estadísticas para Países más cercanos a Gabón

Haz click aquí para intentar la prueba.

Estadísticas generales

  • Esta prueba ha sido intentada 28 veces
  • La puntuación promedio es 17 de 20

Estadísticas de respuestas

kmpaís% Correcto
0Camerún
100%
0Congo
100%
158Rep Dem del Congo
100%
118Angola
96%
1442Côte d'Ivoire
92%
1091Ghana
92%
1184Níger
92%
1429Burkina Faso
88%
637Chad
88%
0Guinea Ecuatorial
88%
418Nigeria
88%
232República
Centroafricana
88%
1044Togo
88%
1463Namibia
83%
1435Zambia
83%
969Benín
79%
1396Sudán
75%
237Santo Tomé
y Príncipe
71%
1314Sudán del Sur
71%
1604Ruanda
67%

Distribución de puntuación

Porcentaje por número respondido

Porcentaje de gente con cada puntuación

Historial de tus puntuaciones

No has intentado esta prueba.